000 00422nam a2200181Ia 4500
001 18096
005 20260306171605.0
008 260306s9999||||xx |||||||||||||| ||und||
041 _aESP
082 _a658.4012
_bB18
100 _aBallvé, Alberto M.
_eAUT
245 0 _aTablero de control
260 _c2000
300 _axviii, 354 páginas :
_ccm.
650 _aGEN
654 _aCAN
942 _cLIB
_dJUS
_fJUS
_2ddc
_n
999 _c18096
_d18096